00176nam a2200073Ia 4500082001500000245002300015100002300038008004100061 aLP AF LING 0aDie eerste skakel  aLingua, Susanna M.210825s9999 xx 000 0 und d